Japanese literature since 1868

Gespeichert in:
Bibliographische Detailangaben
1. Verfasser: Kunitomo, Tadao
Format: Buch
Sprache:Undetermined
Veröffentlicht: Tokyo The Hokuseido press 1938
Schlagworte:
Tags: Tag hinzufügen
Keine Tags, Fügen Sie den ersten Tag hinzu!
Thư viện lưu trữ: Trung tâm Học liệu Trường Đại học Cần Thơ
LEADER 00512nam a2200193Ia 4500
001 CTU_113483
008 210402s9999 xx 000 0 und d
082 |a 895.6 
082 |b K96 
100 |a Kunitomo, Tadao 
245 0 |a Japanese literature since 1868 
245 0 |c Tadao Kunitomo 
260 |a Tokyo 
260 |b The Hokuseido press 
260 |c 1938 
650 |a Japanese literature 
650 |x History and criticism 
904 |i Giang 
980 |a Trung tâm Học liệu Trường Đại học Cần Thơ